Odpovědnostní účetnictví a vnitropodniková banka
Využitie peňažných tokov ako vrcholnej fázy finančno-hodnotových nástrojov vnútropodnikového riadenia. Zodpovednosť vnútropodnikových útvarov za toky peňažných prostriedkov, vytvorenie samostatných - divíznych účtov. Decentralizácia finančných prostriedkov nevhodná pre finančné a investičné rozhodnu...
Gespeichert in:
| 1. Verfasser: | |
|---|---|
| Format: | Buchkapitel |
| Sprache: | Tschechisch |
| Schlagworte: | |
| Tags: |
Keine Tags, Fügen Sie das erste Tag hinzu!
|
MARC
| LEADER | 00000naa a2200000 4500 | ||
|---|---|---|---|
| 001 | r016402 | ||
| 005 | 20240411081159.8 | ||
| 041 | 0 | |a cze | |
| 044 | |a CZ | ||
| 245 | 1 | 0 | |a Odpovědnostní účetnictví a vnitropodniková banka |c Bohumil Král |
| 520 | |a Využitie peňažných tokov ako vrcholnej fázy finančno-hodnotových nástrojov vnútropodnikového riadenia. Zodpovednosť vnútropodnikových útvarov za toky peňažných prostriedkov, vytvorenie samostatných - divíznych účtov. Decentralizácia finančných prostriedkov nevhodná pre finančné a investičné rozhodnutia, ktoré robí majiteľ podniku. Riešenie: vytvorenie vnútorného systému analytických účtov, ktoré sú spravované tzv. vnútropodnikovou bankou. Jej chápanie a efektívne fungovanie. Účty prvotných a druhotných nákladov a výnosov, externých a interných účtov aktív a pasív, schéma. | ||
| 610 | 2 | 0 | |a účtovníctvo |
| 610 | 2 | 0 | |a účtovníctvo vnútropodnikové |
| 610 | 2 | 0 | |a účtovníctvo finančné |
| 610 | 2 | 0 | |a útvary podnikové |
| 610 | 2 | 0 | |a divízie |
| 610 | 2 | 0 | |a cash flow |
| 610 | 2 | 0 | |a účty analytické |
| 610 | 2 | 0 | |a účty aktív |
| 610 | 2 | 0 | |a účty pasív |
| 610 | 2 | 0 | |a účtovanie nákladov |
| 610 | 2 | 0 | |a výnosy |
| 100 | 1 | |a Král, Bohumil | |